000 00857cab a2200217 4500
001 ABS37860
008 090401t1987 xxu||||| |||| 00| 0 eng d
035 _a(Sirsi) u7204
041 _aeng
100 _aAdderley, Peter
245 _aAdministration - Keeping records 2: storage
260 _c1987
350 _a0
490 _aArchitects` Journal
_v185(25) 24 June 1987, 69-71(2)
520 _aThis second of three articles on the keeping of records, concentrates on how they should be stored. Looks at the reasons for keeping archives , their storage and arrangement and who should be responsible for them. Also presents a sample filing classification system for project documents.
650 _aARCHITECTS
650 _aDOCUMENT RETENTION
690 _aMANAGEMENT-BUSINESS MANAGEMENT-PROFESSIONAL PRACTICE
942 _n0
948 _c04/03/1997
999 _c4319
_d4319